书目信息 |
| 题名: |
结构可靠性理论及其工程应用
|
|
| 作者: | 程凯凯 著 | |
| 分册: | ||
| 出版信息: | 北京 中国石化出版社 2021.03 |
|
| 页数: | 178页 | |
| 开本: | 24cm | |
| 丛书名: | ||
| 单 册: | ||
| 中图分类: | TU311.2 | |
| 科图分类: | ||
| 主题词: | 工程结构--gong cheng jie gou--结构可靠性--研究 | |
| 电子资源: | ||
| ISBN: | 978-7-5114-6189-6 | |
| 000 | 01067nam0 2200241 450 | |
| 001 | 202021191960 | |
| 005 | 20211025120131.0 | |
| 010 | @a978-7-5114-6189-6@dCNY60.00 | |
| 100 | @a20210922d2021 em y0chiy50 ea | |
| 101 | 0 | @achi |
| 102 | @aCN@b110000 | |
| 105 | @aa a 000yy | |
| 106 | @ar | |
| 200 | 1 | @a结构可靠性理论及其工程应用@Ajie gou ke kao xing li lun ji qi gong cheng ying yong@f程凯凯著 |
| 210 | @a北京@c中国石化出版社@d2021.03 | |
| 215 | @a178页@c图@d24cm | |
| 320 | @a有书目 (第173-178页) | |
| 330 | @a本书基于可靠性理论在土木工程中的应用与发展, 针对目前预制构件性能检验方法的缺陷, 按现行设计方法的可靠度控制方式, 采用结构可靠度和统计学的方法, 建立基于概率的混凝土构件性能检验方法, 使构件性能检验建立于结构可靠度理论和统计学的基础上, 在可靠度控制上实现与现行设计方法的衔接, 在适用范围上满足建筑工业化的需要, 从而为建筑工业化提供更可靠的技术保障。 | |
| 606 | 0 | @a工程结构@Agong cheng jie gou@x结构可靠性@x研究 |
| 690 | @aTU311.2@v5 | |
| 701 | 0 | @a程凯凯@Acheng kai kai@4著 |
| 801 | 0 | @aCN@c20210909 |
| 905 | @a河南城建学院图书馆@dTU311.2@eC743 | |
| 结构可靠性理论及其工程应用/程凯凯著.-北京:中国石化出版社,2021.03 |
| 178页:图;24cm |
| ISBN 978-7-5114-6189-6:CNY60.00 |
| 本书基于可靠性理论在土木工程中的应用与发展, 针对目前预制构件性能检验方法的缺陷, 按现行设计方法的可靠度控制方式, 采用结构可靠度和统计学的方法, 建立基于概率的混凝土构件性能检验方法, 使构件性能检验建立于结构可靠度理论和统计学的基础上, 在可靠度控制上实现与现行设计方法的衔接, 在适用范围上满足建筑工业化的需要, 从而为建筑工业化提供更可靠的技术保障。 |
| ● |
| 相关链接 |
|
|
|
正题名:结构可靠性理论及其工程应用
索取号:TU311.2/C743
 
预约/预借
| 序号 | 登录号 | 条形码 | 馆藏地/架位号 | 状态 | 备注 |
| 1 | 1540955 | 215409555 | 建筑库101/101建筑库 78排3列4层/ [索取号:TU311.2/C743] | 在馆 | |
| 2 | 1540956 | 215409564 | 建筑库101/101建筑库 78排3列4层/ [索取号:TU311.2/C743] | 在馆 |